Statistics for Every Incorporated Municipality in Washington

Click here to take the quiz!

General Stats

  • This quiz has been taken 8 times
  • The average score is 93 of 281

Answer Stats

PopulationCountyAnswer% Correct
132,319KingKent
100%
93,010KingKirkland
100%
10,154SnohomishSnohomish
100%
217,827PierceTacoma
100%
17,527SkagitAnacortes
67%
20,523SnohomishArlington
67%
1,289AsotinAsotin
67%
148,164KingBellevue
67%
9,224SkagitBurlington
67%
24,418ClarkCamas
67%
4,237ChelanChelan
67%
738SkagitConcrete
67%
32,348KingDes Moines
67%
8,107KingDuvall
67%
21,111KittitasEllensburg
67%
111,475SnohomishEverett
67%
96,289KingFederal Way
67%
10,184PierceFife
67%
609WhitmanGarfield
67%
4,234SnohomishGranite Falls
67%
61,037PierceLakewood
67%
4,966SpokaneMedical Lake
67%
820LewisMossyrock
67%
36,006SkagitMount Vernon
67%
23,565IslandOak Harbor
67%
2,588OkanoganOkanogan
67%
52,882ThurstonOlympia
67%
7,178King/PiercePacific
67%
20,229ClallamPort Angeles
67%
9,831JeffersonPort Townsend
67%
305Walla WallaPrescott
67%
6,380BentonProsser
67%
101,751KingRenton
67%
753,675KingSeattle
67%
12,072SkagitSedro-Woolley
67%
222,081SpokaneSpokane
67%
101,060SpokaneSpokane Valley
67%
184,463ClarkVancouver
67%
32,900Walla WallaWalla Walla
67%
93,637YakimaYakima
67%
16,756Grays HarborAberdeen
33%
3,208KingAlgona
33%
280LincolnAlmira
33%
81,464King/PierceAuburn
33%
25,298KitsapBainbridge Island
33%
21,252ClarkBattle Ground
33%
324KingBeaux Arts Village
33%
92,314WhatcomBellingham
33%
3,495BentonBenton City
33%
742KlickitatBingen
33%
4,781KingBlack Diamond
33%
5,607WhatcomBlaine
33%
21,148PierceBonney Lake
33%
47,415King/SnohomishBothell
33%
41,405KitsapBremerton
33%
2,457OkanoganBrewster
33%
2,613DouglasBridgeport
33%
5,058PierceBuckley
33%
592ThurstonBucoda
33%
51,500KingBurien
33%
735PierceCarbonado
33%
2,282KingCarnation
33%
2,298CowlitzCastle Rock
33%
572WahkiakumCathlamet
33%
17,745LewisCentralia
33%
7,654LewisChehalis
33%
12,522SpokaneCheney
33%
2,676StevensChewelah
33%
2,037KittitasCle Elum
33%
3,386KingClyde Hill
33%
2,872WhitmanColfax
33%
9,317Walla WallaCollege Place
33%
4,832StevensColville
33%
208OkanoganConconully
33%
5,545FranklinConnell
33%
1,662Grays HarborCosmopolis
33%
564GrantCoulee City
33%
1,080Okanogan/Douglas/GrantCoulee Dam
33%
1,972IslandCoupeville
33%
21,175KingCovington
33%
1,421SnohomishDarrington
33%
4,364SpokaneDeer Park
33%
14,219DouglasEast Wenatchee
33%
13,053PierceEdgewood
33%
42,605SnohomishEdmonds
33%
1,002GrantElectric City
33%
3,351Grays HarborElma
33%
248OkanoganElmer City
33%
305WhitmanEndicott
33%
12,190King/PierceEnumclaw
33%
8,136GrantEphrata
33%
2,841WhatcomEverson
33%
626SpokaneFairfield
33%
152WhitmanFarmington
33%
14,897WhatcomFerndale
33%
6,835PierceFircrest
33%
3,880ClallamForks
33%
2,562San JuanFriday Harbor
33%
516GrantGeorge
33%
10,717PierceGig Harbor
33%
2,352SnohomishGold Bar
33%
3,505KlickitatGoldendale
33%
1,048GrantGrand Coulee
33%
11,078YakimaGrandview
33%
3,830YakimaGranger
33%
310SkagitHamilton
33%
640YakimaHarrah
33%
418LincolnHarrington
33%
154GrantHartline
33%
8,655Grays HarborHoquiam
33%
435KingHunts Point
33%
991PacificIlwaco
33%
211SnohomishIndex
33%
39,509KingIssaquah
33%
193FranklinKahlotus
33%
2,798CowlitzKalama
33%
12,417CowlitzKelso
33%
23,097KingKenmore
33%
84,347BentonKennewick
33%
1,635StevensKettle Falls
33%
3,404ClarkLa Center
33%
52,592ThurstonLacey
33%
949SkagitLa Conner
33%
319WhitmanLaCrosse
33%
13,504KingLake Forest Park
33%
33,911SnohomishLake Stevens
33%
1,140IslandLangley
33%
2,029ChelanLeavenworth
33%
10,956SpokaneLiberty Lake
33%
563AdamsLind
33%
1,496PacificLong Beach
33%
38,440CowlitzLongview
33%
473SkagitLyman
33%
15,223WhatcomLynden
33%
39,141SnohomishLynnwood
33%
2,268YakimaMabton
33%
206WhitmanMalden
33%
343DouglasMansfield
33%
27,202KingMaple Valley
33%
172StevensMarcus
33%
70,298SnohomishMarysville
33%
4,758GrantMattawa
33%
1,764Grays HarborMcCleary
33%
25,894KingMercer Island
33%
183Pend OreilleMetaline
33%
251Pend OreilleMetaline Falls
33%
20,897SnohomishMill Creek
33%
1,800SpokaneMillwood
33%
8,299Pierce/KingMilton
33%
19,776SnohomishMonroe
33%
4,052Grays HraborMontesano
33%
24,086GrantMoses Lake
33%
21,338SnohomishMountlake Terrace
33%
4,104YakimaMoxee
33%
21,441SnohomishMukilteo
33%
2,001LewisNapavine
33%
2,199Pend OreilleNewport
33%
1,631WhatcomNooksack
33%
6,604KingNormandy Park
33%
7,423KingNorth Bend
33%
1,007SkamaniaNorth Bonneville
33%
692Grays HarborOakville
33%
6,494Grays HarborOcean Shores
33%
4,778OKanoganOmak
33%
75,432FranklinPasco
33%
714OkanoganPateros
33%
675LewisPe Ell
33%
1,395GarfieldPomeroy
33%
14,597KitsapPort Orchard
33%
11,168KitsapPoulsbo
33%
42,361PiercePuyallup
33%
8,033GrantQuincy
33%
2,287ThurstonRainier
33%
2,994PacificRaymond
33%
71,929KingRedmond
33%
1,066FerryRepublic
33%
58,225BentonRichland
33%
9,153ClarkRidgefield
33%
1,654AdamsRitzville
33%
1,124DouglasRock Island
33%
958KittitasRoslyn
33%
822PierceRoy
33%
2,237GrantRoyal City
33%
845PierceRuston
33%
65,892KingSammamish
33%
8,087YakimaSelah
33%
7,640ClallamSequim
33%
10,655MasonShelton
33%
57,027KingShoreline
33%
220KingSkykomish
33%
13,622KingSnoqualmie
33%
1,603GrantSoap Lake
33%
1,698PacificSouth Bend
33%
559KittitasSouth Cle Elum
33%
443PierceSouth Prairie
33%
319SpokaneSpangle
33%
460LincolnSprague
33%
7,287SnohomishStanwood
33%
128ColumbiaStarbuck
33%
6,390PierceSteilacoom
33%
559WhitmanSt. John
33%
5,388SnohomishSultan
33%
1,534WhatcomSumas
33%
10,427PierceSummer
33%
16,796YakimaSunnyside
33%
799WhitmanTekoa
33%
1,865ThurstonTenino
33%
1,308YakimaTieton
33%
771LewisToledo
33%
1,121OkanoganTonasket
33%
8,809YakimaToppenish
33%
20,347KingTukwila
33%
24,024ThurstonTumwater
33%
963OkanoganTwisp
33%
6,200YakimaUnion Gap
33%
670LewisVader
33%
1,231Walla WallaWaitsburg
33%
5,010YakimaWapato
33%
16,107ClarckWashougal
33%
208AdamsWashtucna
33%
1,213DouglasWaterville
33%
109SpokaneWaverly
33%
34,360ChelanWenatchee
33%
2,100Grays HarborWestport
33%
2,691KlickitatWhite Salmon
33%
861LincolnWilbur
33%
514PierceWilkeson
33%
1,428LewisWinlock
33%
472OkanoganWinthrop
33%
6,495Cowlitz/ClarkWoodland
33%
1,391SnohomishWoodway
33%
1,149KingYarrow Point
33%
9,456ThurstonYelm
33%
3,140YakimaZillah
33%
9,485SpokaneAirway Heights
0%
609WhitmanAlbion
0%
6,970SnohomishBrier
0%
2,172ChelanChasmere
0%
7,375AsotinClarkston
0%
458WhitmanColton
0%
229LincolnCreston
0%
217Pend OreilleCusick
0%
1,744LincolnDavenport
0%
2,442ColumbiaDayton
0%
9,516PierceDupoint
0%
3,026PierceEatonville
0%
1,280ChelanEntiat
0%
104AdamsHatton
0%
472Pend OreilleIone
0%
1,497KittitasKittitas
0%
52GrantKrupp
0%
74WhitmanLamont
0%
187SpokaneLatah
0%
3,288KingMedina
0%
508FranklinMesa
0%
1,199LeiwsMorton
0%
847YakimaNanches
0%
392OkanoganNespelem
0%
12,292KingNewcastle
0%
301StevensNorthport
0%
439WhitmanOakesdale
0%
894LincolnOdessa
0%
1,675OKanoganOroville
0%
8,610PierceOrting
0%
8,386AdamsOthello
0%
1,075WhitmanPalouse
0%
34,506WhitmanPullman
0%
610LincolnReardan
0%
273OkanoganRiverside
0%
486SpokaneRockford
0%
558WhitmanRosalia
0%
29,044KingSeaTac
0%
300StevensSpringdale
0%
1,601SkamaniaStevenson
0%
344WhitmanUniontown
0%
34,001PierceUniversity Place
0%
2,812GrantWarden
0%
15,075BentonWest Richland
0%
215GrantWilson Creek
0%
13,263KingWoddinville
0%
1,796ClarckYacolt
0%

Score Distribution

Percentile by Number Answered

Percent of People with Each Score

Your Score History

You have not taken this quiz